000 00514nam a22001937a 4500
005 20251108165023.0
008 250721s1999 xx 000 0 ara d
082 1 4 _a927.84/كلث
100 1 _aحسنين، عادل
245 1 0 _aأم كلثوم :
_bحياة أعمال كوكب الشرق /
250 _aط2.
264 1 _aالقاهرة :
_bامادوا،
_c1999.
300 _a198ص
650 1 7 _aالمغنون
650 1 7 _aالتراجم
650 1 7 _aمصر
942 _2ddc
_cBK
999 _c20105
_d20105